Lataa...

Valarunna Kairali

Bibliografiset tiedot
Päätekijä: Do
Aineistotyyppi: Printed Book
Kieli:Malayalam
Julkaistu: by the Author by the Author 79
LEADER 00378nam a2200121Ia 4500
008 111205s9999 xx 000 0 mal d
100 |a Do 
245 |a Valarunna Kairali  |c Do 
260 |b by the Author  |a by the Author  |c 79 
300 |a 192 
942 |c BK 
999 |c 204377  |d 204377 
952 |0 0  |1 0  |4 0  |7 0  |9 226089  |a MAL  |b MAL  |c ST1  |d 1976-09-22  |g 12.00  |l 0  |p MAL15783  |r 2015-04-13  |v 12.00  |w 2015-04-13  |y BK  |k 1.00